000 00295nam a22001337a 4500
008 190306b xxu||||| |||| 00| 0 eng d
020 _a0801832284
041 _aeng
080 _a316
100 _a50
101 _aSOC
245 _aIllness and Self in Society
_cHerzlich, C
942 _2udc
_cBK
999 _c54621
_d54621